00482cam a2200169 a 450000100100000000500170001000800410002702000150006804000300008308200160011310000210012924500590015026000370020930000320024649000170027883000170029500001848020200929165819.0760218s1981 nyu 000 f eng d a0446357197 aDO-SdBNPcDLCdDLCdBNPHU annnnbC712w1 aCollins, Jackie,14aThe world is full of divorced women /cJackie Collins. aNew York :bWarner Books,c1981. a413, [414-415] p. ;c18 cm.1 aWarner Books 0aWarner Books